| 000 | 00651nam a2200205Ia 4500 | ||
|---|---|---|---|
| 003 | OSt | ||
| 005 | 20230324153806.0 | ||
| 008 | 210423s2008 xx 000 0 und d | ||
| 020 | _a415402956 | ||
| 040 | _cAL | ||
| 041 | _aeng | ||
| 082 |
_a808.8023 _223 _bSRIN |
||
| 100 |
_aSRIVASTAVA (Neelam). _977592 |
||
| 245 | _aSecularism in the postcolonial Indian novel: national and cosmopolitan narratives in english. | ||
| 260 |
_aNew Delhi _bRegal Publications _c2008 |
||
| 300 |
_ax,210,iv, _bPB |
||
| 365 |
_b495 _cINR |
||
| 906 | _acosmopolitan ; english. ; Indian ; narratives ; national ; novel: ; postcolonial ; Secularism | ||
| 942 |
_2ddc _cBK |
||
| 999 |
_c155865 _d155865 |
||